[Event "POL-chT U19 2nd League"]
[Site "Krynica"]
[Date "2001.??.??"]
[Round "2"]
[White "Jasik, Piotr"]
[Black "Zielinski, Przemyslaw"]
[Result "0-1"]
[WhiteElo "2090"]
[BlackElo "2185"]
[PlyCount "54"]
[EventDate "2001.07.16"]
[EventType "team-swiss"]
[EventRounds "11"]
[EventCountry "POL"]
[SourceTitle "EXT 2003"]
[Source "ChessBase"]
[SourceDate "2002.11.25"]
[SourceVersion "1"]
[SourceVersionDate "2002.11.25"]
[SourceQuality "1"]
[WhiteTeam "POL-chT U19 3"]
[BlackTeam "Krakow Korona U19"]
[WhiteTeamCountry "POL"]
[BlackTeamCountry "POL"]

1. e4 c5 2. Nf3 Nc6 3. d4 cxd4 4. Nxd4 e5 5. Nb5 d6 6. c4 Be7 7. b3 Nf6 8. Bd3 Bg4 9. f3 Be6 10. 0-0 0-0 11. Be3 Nh5 12. Qd2 g6 13. N1c3 a6 14. Na3 f5 15. exf5 gxf5 16. Qe2 Bg5 17. f4 exf4 18. Qxh5 fxe3 19. Rf3 Bf7 20. Qh3 Ne5 21. Rxf5 Nxd3 22. Qg3 Bg6 23. Rxg5 Qf6 24. Rd1 Qxc3 25. Rxg6+ hxg6 26. Qxg6+ Qg7 27. Qe6+ Rf7 0-1

[Event "POL-ch U18"]
[Site "Wisla"]
[Date "2000.??.??"]
[Round "8"]
[White "Jasik, Piotr"]
[Black "Grabowski, Pawel"]
[Result "1-0"]
[WhiteElo "2048"]
[BlackElo "2000"]
[PlyCount "49"]
[EventDate "2000.02.26"]
[EventType "swiss"]
[EventRounds "10"]
[EventCountry "POL"]
[SourceTitle "EXT 2005"]
[Source "ChessBase"]
[SourceDate "2004.11.15"]
[SourceVersion "1"]
[SourceVersionDate "2004.11.15"]
[SourceQuality "1"]

1. e4 e6 2. d4 d5 3. Nd2 Nf6 4. e5 Nfd7 5. Bd3 c5 6. c3 Nc6 7. Ne2 Be7 8. 0-0 f6 9. Nf4 Nf8 10. Qh5+ g6 11. Bxg6+ Kd7 12. Bf7 cxd4 13. Nf3 fxe5 14. Nxe5+ Kd6 15. Nxc6 bxc6 16. cxd4 Bf6 17. Nd3 Ng6 18. Bxg6 hxg6 19. Qxg6 Bxd4 20. Bf4+ Kd7 21. Be5 Bxe5 22. Nxe5+ Kc7 23. Qg7+ Kb6 24. Rfc1 c5 25. b4 1-0

[Event "POL-chT2 South U19"]
[Site "Rudnik"]
[Date "2000.??.??"]
[Round "10.2"]
[White "Jasik, Piotr"]
[Black "Marszalek, Maciej"]
[Result "1-0"]
[WhiteElo "2059"]
[BlackElo "2137"]
[PlyCount "79"]
[EventDate "2000.07.20"]
[EventType "team-swiss"]
[EventRounds "10"]
[EventCountry "POL"]
[SourceTitle "EXT 2005"]
[Source "ChessBase"]
[SourceDate "2004.11.15"]
[SourceVersion "1"]
[SourceVersionDate "2004.11.15"]
[SourceQuality "1"]
[WhiteTeam "Jasien LKS ZPD U19"]
[BlackTeam "Czarna Czarnovia U19"]
[WhiteTeamCountry "POL"]
[BlackTeamCountry "POL"]

1. e4 c5 2. Nf3 e6 3. Nc3 d6 4. d4 cxd4 5. Nxd4 Nf6 6. f3 Be7 7. Be3 0-0 8. Qd2 Nc6 9. 0-0-0 a6 10. g4 Nxd4 11. Bxd4 b5 12. h4 Bb7 13. g5 Nd7 14. Bd3 b4 15. Ne2 e5 16. Be3 a5 17. h5 Nc5 18. Bc4 Ba6 19. Bd5 Rc8 20. g6 a4 21. Rdg1 b3 22. Nc3 a3 23. axb3 Bf6 24. bxa3 Bb7 25. Bxf7+ Rxf7 26. gxf7+ Kxf7 27. Kb2 Ne6 28. Nd5 Nd4 29. Bxd4 exd4 30. Nxf6 Qxf6 31. Ka2 d5 32. Rg4 Kg8 33. Rhg1 Rc7 34. exd5 Qxf3 35. h6 g6 36. Rxd4 Qf5 37. Rg2 Qe5 38. d6 Rxc2+ 39. Qxc2 Qxd4 40. Rd2 1-0

[Event "POL-chT2 South U19"]
[Site "Rudnik"]
[Date "2000.??.??"]
[Round "8.2"]
[White "Jasik, Piotr"]
[Black "Sliwinski, Pawel"]
[Result "1/2-1/2"]
[WhiteElo "2059"]
[BlackElo "2032"]
[PlyCount "58"]
[EventDate "2000.07.20"]
[EventType "team-swiss"]
[EventRounds "10"]
[EventCountry "POL"]
[SourceTitle "EXT 2005"]
[Source "ChessBase"]
[SourceDate "2004.11.15"]
[SourceVersion "1"]
[SourceVersionDate "2004.11.15"]
[SourceQuality "1"]
[WhiteTeam "Jasien LKS ZPD U19"]
[BlackTeam "Wisla Strumien U19"]
[WhiteTeamCountry "POL"]
[BlackTeamCountry "POL"]

1. e4 g6 2. d4 c6 3. f4 d5 4. e5 h5 5. Nf3 Bf5 6. c4 e6 7. Nc3 a6 8. Be3 Nh6 9. Qd2 Be7 10. Be2 Bg4 11. c5 Nf5 12. Ng5 Bxe2 13. Qxe2 Nd7 14. 0-0 Nxc5 15. dxc5 d4 16. Nce4 Nxe3 17. Rfc1 0-0 18. Nf3 Qd5 19. Qd3 Rfd8 20. Nd6 Bxd6 21. exd6 b6 22. b4 a5 23. Qxd4 Qxd4 24. Nxd4 axb4 25. Nxc6 Rd7 26. cxb6 Nd5 27. Ne5 Rb7 28. d7 Nxb6 29. Rd1 Rd8 1/2-1/2

[Event "POL-ch U18"]
[Site "Wisla"]
[Date "2000.??.??"]
[Round "6"]
[White "Jasik, Piotr"]
[Black "Szymanski, Marcin"]
[Result "1/2-1/2"]
[WhiteElo "2048"]
[BlackElo "2335"]
[PlyCount "63"]
[EventDate "2000.02.26"]
[EventType "swiss"]
[EventRounds "10"]
[EventCountry "POL"]
[SourceTitle "EXT 2005"]
[Source "ChessBase"]
[SourceDate "2004.11.15"]
[SourceVersion "1"]
[SourceVersionDate "2004.11.15"]
[SourceQuality "1"]

1. e4 e6 2. d4 d5 3. Nd2 Be7 4. Bd3 c5 5. c3 cxd4 6. cxd4 Nc6 7. Ne2 Qb6 8. 0-0 Nb4 9. Bb1 dxe4 10. Nxe4 f5 11. N4c3 Nf6 12. a3 Nbd5 13. Ba2 0-0 14. Nxd5 Nxd5 15. Bxd5 exd5 16. Nf4 Qd6 17. Qf3 Rd8 18. Bd2 Bf6 19. Bb4 Qd7 20. Rfe1 g6 21. Rac1 a5 22. Bc5 Ra6 23. Nxd5 Qxd5 24. Re8+ Kf7 25. Rf8+ Kg7 26. Qxd5 Rxd5 27. Rxc8 Rd7 28. g3 Re6 29. Rc2 Rd8 30. d5 Rxd5 31. Be3 Re7 32. R8c4 1/2-1/2

[Event "POL-chT2 South U19"]
[Site "Rudnik"]
[Date "2000.??.??"]
[Round "9.2"]
[White "Kubit, Bartlomiej"]
[Black "Jasik, Piotr"]
[Result "0-1"]
[WhiteElo "2013"]
[BlackElo "2059"]
[PlyCount "68"]
[EventDate "2000.07.20"]
[EventType "team-swiss"]
[EventRounds "10"]
[EventCountry "POL"]
[SourceTitle "EXT 2005"]
[Source "ChessBase"]
[SourceDate "2004.11.15"]
[SourceVersion "1"]
[SourceVersionDate "2004.11.15"]
[SourceQuality "1"]
[WhiteTeam "Gliwice Carbo U19"]
[BlackTeam "Jasien LKS ZPD U19"]
[WhiteTeamCountry "POL"]
[BlackTeamCountry "POL"]

1. e4 c5 2. Nf3 d6 3. d4 cxd4 4. Nxd4 Nf6 5. Nc3 a6 6. f3 e6 7. Be3 Nbd7 8. Qd2 b5 9. g4 Nb6 10. h4 Bb7 11. Qf2 Nfd7 12. g5 Rc8 13. a3 Be7 14. Bh3 Nc4 15. Bxe6 Nxb2 16. g6 hxg6 17. h5 Ne5 18. Bxc8 Nbd3+ 19. cxd3 Nxd3+ 20. Kd2 Nxf2 21. Bxb7 Nxh1 22. Bc6+ Kf8 23. hxg6 Bf6 24. Nce2 Rh2 25. Kd3 Bxd4 26. Nxd4 Nf2+ 27. Bxf2 Rxf2 28. Rh1 Qa5 29. Rh8+ Ke7 30. Re8+ Kf6 31. Nb3 Rxf3+ 32. Ke2 Rxb3 33. Bd5 Rb2+ 34. Kf3 Kxg6 0-1

[Event "POL-ch U18"]
[Site "Wisla"]
[Date "2000.??.??"]
[Round "7"]
[White "Stoma, Pawel"]
[Black "Jasik, Piotr"]
[Result "1-0"]
[WhiteElo "2139"]
[BlackElo "2048"]
[PlyCount "81"]
[EventDate "2000.02.26"]
[EventType "swiss"]
[EventRounds "10"]
[EventCountry "POL"]
[SourceTitle "EXT 2005"]
[Source "ChessBase"]
[SourceDate "2004.11.15"]
[SourceVersion "1"]
[SourceVersionDate "2004.11.15"]
[SourceQuality "1"]

1. e4 c5 2. Nf3 Nc6 3. Bb5 g6 4. 0-0 Bg7 5. Nc3 Nf6 6. Re1 0-0 7. h3 Nd4 8. Bc4 d6 9. d3 Rb8 10. a4 a6 11. Bg5 Bd7 12. a5 Bc6 13. Nd2 Qd7 14. Bd5 e6 15. Bxc6 Nxc6 16. Nc4 Rbe8 17. Qd2 Kh8 18. Qf4 e5 19. Qd2 Ng8 20. Nb6 Qe6 21. Ncd5 f6 22. Nc7 Qf7 23. Nxe8 Rxe8 24. Be3 Nge7 25. c3 f5 26. f3 f4 27. Bf2 g5 28. Kf1 h5 29. Ke2 Bf6 30. Rh1 Kh7 31. Rag1 Nxa5 32. Ke1 h4 33. Ke2 Nb3 34. Qc2 Nc6 35. Nc4 Nba5 36. Nxd6 Qe6 37. Nxe8 Qxe8 38. Bxc5 Qe6 39. b4 Nb3 40. Rb1 Be7 41. Qxb3 1-0

[Event "POL-ch U16"]
[Site "Krynica"]
[Date "1998.??.??"]
[Round "?"]
[White "Jasik, Piotr"]
[Black "Bajek, Marek"]
[Result "1/2-1/2"]
[WhiteElo "2025"]
[BlackElo "2050"]
[PlyCount "63"]
[EventDate "1998.??.??"]
[EventType "swiss"]
[EventRounds "11"]
[EventCountry "POL"]
[SourceTitle "EXT 2002"]
[Source "ChessBase"]
[SourceDate "2001.11.25"]
[SourceVersion "1"]
[SourceVersionDate "2001.11.25"]
[SourceQuality "1"]

1. e4 c5 2. Nf3 e6 3. d4 cxd4 4. Nxd4 Nf6 5. Nc3 a6 6. Bd3 d6 7. 0-0 Be7 8. Kh1 Nbd7 9. f4 Nc5 10. Qf3 0-0 11. Bd2 b5 12. Rae1 Bb7 13. a3 Qb6 14. Qf2 Qa7 15. h3 Rac8 16. b4 Nxd3 17. cxd3 Kh8 18. Rc1 Bd8 19. Be3 Qa8 20. Nde2 Bc6 21. f5 Be7 22. Nd4 Bd7 23. Rc2 Qb7 24. Rfc1 Rfe8 25. Nce2 Rxc2 26. Rxc2 Rc8 27. Ng3 Bd8 28. Nf3 Kg8 29. Bf4 Be7 30. Bg5 Bd8 31. Qe2 Kh8 32. Bf4 1/2-1/2

[Event "POL-chT 2nd League South"]
[Site "Wisla"]
[Date "1998.??.??"]
[Round "?"]
[White "Jasik, Piotr"]
[Black "Zaskalski, Arkadiusz"]
[Result "0-1"]
[WhiteElo "2020"]
[BlackElo "2210"]
[PlyCount "64"]
[EventDate "1998.11.20"]
[EventType "team-swiss"]
[EventRounds "10"]
[EventCountry "POL"]
[SourceTitle "EXT 2000"]
[Source "ChessBase"]
[SourceDate "1999.11.16"]
[SourceVersion "1"]
[SourceVersionDate "1999.11.16"]
[SourceQuality "1"]

1. e4 c5 2. Nf3 d6 3. d4 cxd4 4. Nxd4 Nf6 5. Nc3 g6 6. Be2 Bg7 7. 0-0 0-0 8. Be3 Nc6 9. Kh1 Bd7 10. f4 Rc8 11. Bf3 a6 12. Nb3 b5 13. Qe2 Be6 14. Rfd1 Nd7 15. Nd4 Nxd4 16. Bxd4 Qc7 17. Nd5 Bxd5 18. exd5 Bxd4 19. Rxd4 Qxc2 20. Qxe7 Qxb2 21. Rad1 Rfe8 22. Qh4 Rc1 23. h3 Rxd1+ 24. Rxd1 Qxa2 25. f5 Qc4 26. Qg3 Ne5 27. Qe1 Rc8 28. fxg6 hxg6 29. Be2 Qe4 30. Qf1 Rc2 31. Re1 Qxd5 32. Bd1 Rd2 0-1

[Event "POL-chT 2nd League South"]
[Site "Wisla"]
[Date "1998.??.??"]
[Round "?"]
[White "Jasik, Piotr"]
[Black "Zeberski, Jakub"]
[Result "1/2-1/2"]
[WhiteElo "2020"]
[BlackElo "2165"]
[PlyCount "112"]
[EventDate "1998.11.20"]
[EventType "team-swiss"]
[EventRounds "10"]
[EventCountry "POL"]
[SourceTitle "EXT 2000"]
[Source "ChessBase"]
[SourceDate "1999.11.16"]
[SourceVersion "1"]
[SourceVersionDate "1999.11.16"]
[SourceQuality "1"]

1. e4 e5 2. Nf3 Nc6 3. Bb5 a6 4. Ba4 Nf6 5. 0-0 Be7 6. Re1 b5 7. Bb3 d6 8. c3 0-0 9. d3 Na5 10. Bc2 c5 11. Be3 Qc7 12. Nbd2 h6 13. d4 Ng4 14. Nf1 Nc4 15. Bc1 cxd4 16. cxd4 exd4 17. h3 d3 18. Bxd3 Nge5 19. Bxc4 Nxc4 20. b3 Bf6 21. Rb1 Ne5 22. Nxe5 dxe5 23. Ng3 Be6 24. Be3 Rfd8 25. Qf3 Rd3 26. Rbd1 Rad8 27. Rxd3 Rxd3 28. Rd1 Qc2 29. Rxd3 Qxd3 30. Nf5 Bg5 31. Bxg5 Qxf3 32. gxf3 hxg5 33. Ne7+ Kf8 34. Nc6 f6 35. Kg2 Bd7 36. Nb8 Bc8 37. Nc6 Ke8 38. Kg3 Kd7 39. Na5 Kc7 40. b4 Be6 41. a3 Bc4 42. h4 gxh4+ 43. Kxh4 Be2 44. Kg3 Bd1 45. f4 Bc2 46. fxe5 fxe5 47. f3 g6 48. Kf2 Bd1 49. Ke3 Bc2 50. f4 exf4+ 51. Kxf4 g5+ 52. Kxg5 Bxe4 53. Kf4 Bd5 54. Ke5 Bg8 55. Kd4 Kb6 56. Ke5 Kc7 1/2-1/2

[Event "POL-chT 2nd League South"]
[Site "Wisla"]
[Date "1998.??.??"]
[Round "?"]
[White "Mietus, Klaudiusz"]
[Black "Jasik, Piotr"]
[Result "1-0"]
[WhiteElo "2195"]
[BlackElo "2020"]
[PlyCount "93"]
[EventDate "1998.11.20"]
[EventType "team-swiss"]
[EventRounds "10"]
[EventCountry "POL"]
[SourceTitle "EXT 2000"]
[Source "ChessBase"]
[SourceDate "1999.11.16"]
[SourceVersion "1"]
[SourceVersionDate "1999.11.16"]
[SourceQuality "1"]

1. d4 d5 2. c4 e6 3. Nf3 f5 4. Bf4 Nf6 5. e3 c6 6. Nc3 Be7 7. Bd3 0-0 8. 0-0 Ne4 9. h3 Nd7 10. Qc2 Ndf6 11. Ne5 g5 12. Bh2 Nh5 13. Bxe4 fxe4 14. Qe2 Ng7 15. f3 exf3 16. Rxf3 Bd7 17. Raf1 Be8 18. Qf2 Rxf3 19. Qxf3 Bd6 20. c5 Bh5 21. g4 Bxe5 22. Bxe5 Bg6 23. Bf6 Qd7 24. Bxg5 e5 25. dxe5 Ne6 26. Bf6 Nxc5 27. Rd1 Qf7 28. h4 Nd7 29. Rf1 Nxf6 30. Qxf6 Qxf6 31. exf6 Re8 32. h5 Bf7 33. Rf3 Be6 34. Rg3 Kf7 35. g5 Rg8 36. Kf2 Bf5 37. Ne2 h6 38. gxh6 Rh8 39. Rg7+ Kxf6 40. Rxb7 Rxh6 41. Nf4 Rh7 42. Rxh7 Bxh7 43. Kg3 Ke5 44. Ng6+ Ke4 45. Kf2 Kd3 46. Ne5+ Kc2 47. b4 1-0

[Event "POL-chT2 U18"]
[Site "Augustow"]
[Date "1996.??.??"]
[Round "?"]
[White "Gajewski, Grzegorz"]
[Black "Jasik, Piotr"]
[Result "1/2-1/2"]
[WhiteElo "1800"]
[BlackElo "2000"]
[PlyCount "85"]
[EventDate "1996.??.??"]
[EventType "team-tourn"]
[EventRounds "10"]
[EventCountry "POL"]
[SourceTitle "EXT 2003"]
[Source "ChessBase"]
[SourceDate "2002.11.25"]
[SourceVersion "1"]
[SourceVersionDate "2002.11.25"]
[SourceQuality "1"]

1. e4 e6 2. d4 d5 3. Nd2 Nf6 4. e5 Nfd7 5. Bd3 c5 6. c3 Nc6 7. Ne2 Be7 8. 0-0 0-0 9. Nf3 f6 10. Nf4 Ndxe5 11. dxe5 fxe5 12. Nxe5 Nxe5 13. Bb1 g6 14. Re1 Bd6 15. Nd3 Nxd3 16. Bxd3 Bd7 17. Be3 Qf6 18. Qg4 b6 19. Re2 Bf4 20. Bxf4 Qxf4 21. Qxf4 Rxf4 22. Rae1 Re8 23. f3 Rf7 24. Kf2 Rfe7 25. Re5 Kf7 26. g3 Bc8 27. b3 Rd8 28. h4 d4 29. c4 Kf6 30. f4 Rdd7 31. R1e2 Rc7 32. a4 Rg7 33. Kf3 h6 34. g4 Rcf7 35. Kg3 Re7 36. g5+ hxg5 37. fxg5+ Kf7 38. Rf2+ Kg8 39. Rf6 Ref7 40. Rxg6 Rxg6 41. Bxg6 Rf1 42. Re2 Kg7 43. Bd3 1/2-1/2